Statistics for Territorial Accessions

Click here to take the quiz!

General Stats

  • This quiz has been taken 14,617 times
  • The average score is 11 of 20

Answer Stats

Year Old Owner New Owner Area % Correct
1997United KingdomChinaHong Kong
91%
2014UkraineRussiaCrimea
89%
1867RussiaUnited StatesAlaska
84%
1803FranceUnited StatesLouisiana
72%
1999PortugalChinaMacau
70%
1845independentUnited StatesTexas
70%
1951de-facto
independent
ChinaTibet
61%
1982IsraelEgyptSinai
60%
1898SpainUnited StatesPuerto Rico
57%
1713SpainGreat BritainGibraltar
54%
1967JordanIsraelWest Bank
53%
1938independentGermanyAustria
50%
1283de-facto
independent
EnglandWales
49%
1898SpainUnited StatesPhilippines
48%
1919GermanyFranceAlsace-Lorraine
48%
1898SpainUnited StatesGuam
42%
1961PortugalIndiaGoa
41%
2008GeorgiaRussiaSouth Ossetia
37%
1769independentFranceCorsica
21%
30 BCindependentRomeEgypt
19%

Score Distribution

Percentile by Number Answered

Percent of People with Each Score

Your Score History

You have not taken this quiz